Integrating genomics and transcriptomics to understand the virulence and biofilm forming mechanism of selected vancomycin-resistant Enterococcus faecium /
محفوظ في:
| المؤلف الرئيسي: | |
|---|---|
| التنسيق: | أطروحة كتاب |
| اللغة: | English |
| منشور في: |
2018.
|
| الموضوعات: | |
| الوصول للمادة أونلاين: | http://studentsrepo.um.edu.my/9365/ |
| الوسوم: |
إضافة وسم
لا توجد وسوم, كن أول من يضع وسما على هذه التسجيلة!
|
| LEADER | 01447cam a2200385 i 4500 | ||
|---|---|---|---|
| 001 | u1100517 | ||
| 003 | SIRSI | ||
| 005 | 201811220959 | ||
| 008 | 181122s2018 my a m 000 0 eng | ||
| 040 | |a UMM |e rda | ||
| 090 | |a QH302 |b UM 2018 Lim | ||
| 100 | 1 | |a Lim, Shu Yong, |e author. | |
| 245 | 1 | 0 | |a Integrating genomics and transcriptomics to understand the virulence and biofilm forming mechanism of selected vancomycin-resistant Enterococcus faecium / |c Lim Shu Young. |
| 264 | 1 | |c 2018. | |
| 264 | 4 | |c 2018. | |
| 300 | |a xvi, 157 leaves : |b illustrations ; |c 30cm. | ||
| 336 | |a text |2 rdacontent | ||
| 337 | |a unmediated |2 rdamedia | ||
| 337 | |a computer |2 rdamedia | ||
| 338 | |a volume |2 rdacarrier | ||
| 338 | |a computer disc |2 rdacarrier | ||
| 502 | |b M.Sc. |c Institut Sains Biologi, Fakulti Sains, Universiti Malaya |d 2018. | ||
| 504 | |a Bibliography: leaves 94-111. | ||
| 530 | |a Also issued in CD. | ||
| 650 | 0 | |a Genomics. | |
| 650 | 2 | 2 | |a Vancomycin. |
| 650 | 2 | 2 | |a Virulence. |
| 650 | 0 | |a Biofilms. | |
| 710 | 2 | |a Universiti Malaya. |b Institut Sains Biologi, |e degree granting institution. | |
| 856 | 4 | 1 | |u http://studentsrepo.um.edu.my/9365/ |
| 900 | |a HH | ||
| 902 | |a 090-1- copy in process | ||
| 596 | |a 1 25 | ||
| 999 | |a QH302 UM 2018 LIM |w LC |c 1 |i A517273497 |f 30/11/2018 |g 1 |l STACKS |m P01UTAMA |r Y |s Y |t TESIS |u 30/11/2018 |1 STEM | ||
| 999 | |a QH302 UM 2018 LIM |w LC |c 1 |i A516742503 |f 12/12/2018 |g 1 |l STACKS |m P25UMARCHI |r N |s Y |t CD |u 12/12/2018 |1 STEM | ||
